000 00842nam a2200229Ia 4500
003 OSt
005 20220923222244.0
006 a|||||r|||| 00| 0
007 ta
008 220922b |||||||| |||| 00| 0 hin d
024 _a204,043
037 _cTextual
040 _aARTS
_cARTS
_bhin
041 _2hin
_ahin
082 _aO154:1N08:1, 152K2
100 _aपुण्लुहार, त्रिभुवनदास, सुन्दरम; पण्डया, रामचंद्र, संपा.
_9166443
245 0 _aगुजराती
246 _aGujarātī
260 _c1962
942 _hO154:1N08:1, 152K2
_cTEXL
_2CC
999 _c354792
_d354792